000 01228nas1a22002771 4500
001 RU\NLR\INFOCOMM4\1000433212
005 20260212115823.0
035 _a(NLR Aleph) 002500289
090 _a2586905
_c2586905
100 _a20040109c1975 u y0rusy50 ca
101 0 _arus
102 _aRU
110 _azyu||||0|y0
200 1 _aБиология микроорганизмов и их использование в народном хозяйстве
_eМежвуз. сб.
_fМ-во высш. и сред. спец. образ. РСФСР. Иркут. гос. ун-т им. А.А. Жданова
210 _aИркутск
_d1975-
712 0 2 _4570
_aИркутский государственный университет им. А. А. Жданова
_92696959
_3RU\NLR\AUTH\880638656
801 0 _aRU
_bNLR
_gPSBO
801 1 _aRU
_bInfoComm
_c20040109
852 _aNLR
_jП7/1903
_yс вып. 3
942 _cUNSPEC
980 _aNB
980 _aRUSPER